000 00631nam a2200241 i 4500
001 C2-0295576
003 PPAK
005 20180728074033.0
008 090331s2007 nyu |||| ||||| | eng d
020 _a0316034126 ; 9780316034128
040 _aPPAK
_beng
_cPPAK
_erda
082 0 4 _a823
_223
090 0 0 _a823
_bSEB
_dG
100 1 _aSebold, Alice,
_eauthor
245 1 4 _aThe almost moon
264 1 _aNew York :
_bBack Bay Books ,
_c2007
300 _a319 pages ;
_c17 cm
336 _2rdacontent
_atext
337 _2rdamedia
_aunmediated
338 _2rdacarrier
_avolume
650 1 0 _aEnglish fiction
942 _ddc
_cB
999 _c100113
_d100113